Veľkí dramatici sveta J. W. Goethe II. Život a dielo 1

Bibliographic Details
Main Author: Mittelmann-Dedinský, Móric, 1914-1989 (Author)
Format: Article
Language:Slovak
Subjects:

MARC

LEADER 00000nab a2200000 a 4500
001 vtls000224280
003 SK-MaSNL
005 20260304072503.0
008 250423c1985 xo 0 slo
015 |a SNBRB19rr/mm-uuuuu 
035 |a CL0234394 
035 |a urn:nbn:sk:snk-abdmjy 
035 |a (urnnbn)urn:nbn:sk:snk:ar-000zso 
035 |a (uuid)952dd9b7-9ddd-45ed-9a5f-3f6b44d33b39 
040 |a SNKBUCL  |b slo  |c SNKBUCL  |e AACR2 
041 0 |a slo 
044 |a xo  |c SK 
080 |a 82:929:830  |2 1981 
080 |a 929  |2 1981 
080 |a 830  |2 1981 
100 1 |a Mittelmann-Dedinský, Móric,  |d 1914-1989  |4 aut  |9 104877 
245 1 0 |a Veľkí dramatici sveta  |b J. W. Goethe II. Život a dielo 1  |c M. M. Dedinský 
600 1 7 |a Goethe, Johann Wolfgang von,  |d 1749-1832  |2 snkbucl  |9 104510 
655 7 |a články z novín a časopisov  |2 snkbucl  |9 267496 
655 7 |a články z odboru literárna veda a krásna literatúra  |2 snkbucl  |9 770045 
773 0 |t Javisko  |g Roč. 17, č. 8 (1985), s. 402-404 
850 |a Slovenská národná knižnica 
852 |a Slovenská národná knižnica 
954 |a odborná, vedecká literatúra pôvodná (slovenská)  |2 lita 
958 |a article19 
958 |a OND 
958 |a RK 
958 |a LX 
958 |a DE 
958 |a EUIPO 
992 |a RBX 
999 |c 2766746  |d 2768676